<?xml version="1.0" encoding="UTF-8"?>
<collection xmlns="http://www.loc.gov/MARC21/slim">
 <record>
  <leader>00768nam a2200169 a 4500</leader>
  <controlfield tag="001">1/52528</controlfield>
  <controlfield tag="008">210613s1996####gr     g      00010 gre</controlfield>
  <datafield tag="040" ind1=" " ind2=" ">
   <subfield code="a">GR-PeUP</subfield>
  </datafield>
  <datafield tag="082" ind1="0" ind2="0">
   <subfield code="a">228 ΑΓΟ</subfield>
  </datafield>
  <datafield tag="100" ind1="1" ind2=" ">
   <subfield code="a">Αγουρίδης, Σάββας Χρ.,</subfield>
   <subfield code="d">1921-2009.</subfield>
  </datafield>
  <datafield tag="245" ind1="1" ind2="2">
   <subfield code="a">Η Αποκάλυψη του Ιωάννη :</subfield>
   <subfield code="b">Ανάλυση του έργου /</subfield>
   <subfield code="c">Σάββα Αγουρίδη.</subfield>
  </datafield>
  <datafield tag="260" ind1=" " ind2=" ">
   <subfield code="a">Αθήνα :</subfield>
   <subfield code="b">Ελληνικά Γράμματα,</subfield>
   <subfield code="c">1996.</subfield>
  </datafield>
  <datafield tag="300" ind1=" " ind2=" ">
   <subfield code="a">183 σ. ;</subfield>
   <subfield code="c">20 εκ.</subfield>
  </datafield>
  <datafield tag="650" ind1=" " ind2="4">
   <subfield code="a">Βίβλος</subfield>
   <subfield code="x">Κ.Δ.</subfield>
   <subfield code="x">Αποκάλυψη του Ιωάννη</subfield>
   <subfield code="x">Κριτική, ερμηνεία κλπ.</subfield>
  </datafield>
  <datafield tag="650" ind1=" " ind2="0">
   <subfield code="a">Bible</subfield>
   <subfield code="x">N.T.</subfield>
   <subfield code="x">Revelation</subfield>
   <subfield code="x">Criticism, interpretation, etc.</subfield>
  </datafield>
  <datafield tag="852" ind1=" " ind2=" ">
   <subfield code="a">INST</subfield>
   <subfield code="b">UNIPILB</subfield>
   <subfield code="c">MAIN</subfield>
   <subfield code="e">20210613</subfield>
   <subfield code="h">228 ΑΓΟ</subfield>
   <subfield code="p">00183235</subfield>
   <subfield code="q">00183235</subfield>
   <subfield code="t">LOAN</subfield>
   <subfield code="y">0</subfield>
   <subfield code="4">1</subfield>
  </datafield>
  <datafield tag="960" ind1=" " ind2=" ">
   <subfield code="a">ELI 2</subfield>
  </datafield>
 </record>
</collection>
